ბათუმის შოთა რუსთაველის სახელმწიფო უნივერსიტეტის ბიბლიოთეკა

ოდები : ლექსები / (ბიბ.ჩანაწერი № 55967)

000 -ლიდერი
ფიქსირებული სიგრძის საკონტროლო ველი 01422nam a2200253Ia 4500
001 - საკონტროლო ნომერი
საკონტროლო ველი 23066
003 - საკონტროლო ნომრის იდენტიფიკატორი
საკონტროლო ველი GE_BSU
005 - ბოლო ოპერაციის თარიღი და დრო
საკონტროლო ველი 20230329141343.0
008 - ფიქსირებული სიგრძის მონაცემთა ელემენტები - ზოგადი ინფორმაცია
ფიქსირებული სიგრძის საკონტროლო ველი 181216s1988ge xx |||||||||||||| ||geo||
040 ## - კატალოგიზაციის წყარო
Transcribing agency GE_BSU
041 ## - ენის კოდი
Language code of text/sound track or separate title geo
080 ## - უნივერსალური ათობითი კლასიფიკაციის ინდექსი
Universal Decimal Classification number 821.124-1 ჰ-81
100 ## - მთავარი ჩანაწერი - პიროვნების სახელი
Personal name ჰორაციუს კვინტუს ფლაკუსი
9 (RLIN) 17328
245 ## - ცნობა სათაურის შესახებ
Title ოდები : ლექსები /
Statement of responsibility, etc კვინტუს ფლაკუსი ჰორაციუს, ლათ. თარგმნა მ. იმნაძემ ; რედ., წერილი "ჰორაციუსი და მისი პოეზია" და შენიშვნები აკ. ურუშაძისა
264 ## - წარმოების, გამოცემის, დისტრიბუციის და სხვა ცნობები
გამოცემის, წარმოების, დისტრიბუციის... ადგილი თბილისი :
გამოცემის, წარმოების, დისტრიბუციის... სახელწოდება თბილ. უნ-ტის გამ-ბა,
გამოცემის, წარმოების, დისტრიბუციის... თარიღი 1988.
300 ## - ფიზიკური აღწერა
Extent 238 გვ. :
Other physical details ილ. ;
Dimensions 20 სმ.
501 ## - შენიშვნა თანმხლებ მასალაზე
With note შენიშვნები: გვ. 187-225. - სახელთა საძიებელი: გვ. 226-236
653 ## - INDEX TERM--UNCONTROLLED
Uncontrolled term ანტიკური კულტურა
653 ## - INDEX TERM--UNCONTROLLED
Uncontrolled term ოდები : ლექსები
700 ## - ADDED ENTRY--PERSONAL NAME
Personal name იმნაძე, მ
Relator term მთარგმნელი
9 (RLIN) 1559
700 ## - ADDED ENTRY--PERSONAL NAME
Personal name ურუშაძე, ა
Relator term წერილი "ჰორაციუსი და მისი პოეზია" და შენიშვნები
9 (RLIN) 3915
942 ## - ADDED ENTRY ELEMENTS (KOHA)
Koha item type წიგნი
Source of classification or shelving scheme
ეგზემპლარები
ჩამოწერის სტატუსი დაკარგული ეგზემპლარის სტატუსი კლასიფიკაციის წყარო ან თაროზე გაწყობის სქემა დაზიანების სტატუსი არ გაიცემა მუდმივი მდებარეობა (დაცვის ადგილი) ამჟამინდელი ადგილსამყოფელი თაროზე განთავსების ადგილი შეძენის თარიღი ღირებულება, შესყიდვის ნორმალური ფასი სრული შენახვის შიფრი შტრიხკოდი ბოლო ოპერაციის თარიღი ეგზემპლარის მიმდევრობითი ნომერი (კეტერი?) ფასის ძალაში შესვლის თარიღი ეგზემპლარის სახეობა საჯარო შენიშვნა Uniform Resource Identifier
          ბათუმის შოთა რუსთაველის სახელმწიფო უნივერსიტეტის მთავარი ბიბლიოთეკა ბათუმის შოთა რუსთაველის სახელმწიფო უნივერსიტეტის მთავარი ბიბლიოთეკა წიგნსაცავი 2018-12-17 2.00 821.124-1 ჰ-81 58489 2018-12-17 58489 2018-12-17 წიგნი 2ლ.60თ.  
          ბათუმის შოთა რუსთაველის სახელმწიფო უნივერსიტეტის მთავარი ბიბლიოთეკა ბათუმის შოთა რუსთაველის სახელმწიფო უნივერსიტეტის მთავარი ბიბლიოთეკა წიგნსაცავი 2023-03-29 5.00 821.124-1 ჰ-81 64138 2023-03-29 64138 2023-03-29 წიგნი 5.00 ბსუ-ს საპატიო დოქტორის გურამ ლორთქიფანიძის საჩუქარი
          ბათუმის შოთა რუსთაველის სახელმწიფო უნივერსიტეტის მთავარი ბიბლიოთეკა ბათუმის შოთა რუსთაველის სახელმწიფო უნივერსიტეტის მთავარი ბიბლიოთეკა წიგნსაცავი 2023-03-29 5.00 821.124-1 ჰ-81 64139 2023-03-29 64139 2023-03-29 წიგნი 5.00 ბსუ-ს საპატიო დოქტორის გურამ ლორთქიფანიძის საჩუქარი